| 000 | 00637nam a2200229Ia 4500 | ||
|---|---|---|---|
| 005 | 20250425162845.0 | ||
| 008 | 250425s9999 xx 000 0 und d | ||
| 020 | _a0333324374 | ||
| 041 | _aeng | ||
| 082 |
_a620.3 _pHUS |
||
| 100 | _aHussey, Mattew | ||
| 245 | 0 |
_aFundamentals of mechanical vibrations _cMatthew Hussey |
|
| 250 | _aFirst edition | ||
| 260 |
_aHong Kong _bThe MacMillan Press LTD. _c1983 |
||
| 300 |
_a296 páginas _c23 cm. |
||
| 650 | _aAceites Minerales - Análisis | ||
| 650 | _aSistemas Mecánicos | ||
| 650 | _aVibración Mecánica | ||
| 902 |
_aMongráfico _cImpreso |
||
| 942 | _c01 | ||
| 010 | _a116831 | ||
| 999 |
_c237857 _d237857 |
||